000
00299nam a22001337a 4500
008
180226b xxu||||| |||| 00| 0 eng d
020
_a
9781884734304
041
_a
eng
080
_a
37
100
_a
25
101
_a
EDU
245
_a
Redirecting children's behavior
_c
Kvols,K.J
942
_2
udc
_c
BK
999
_c
43488
_d
43488